000 00686cab a2200229 4500
001 ABS58281
008 090401t1998 xxu||||| |||| 00| 0 eng d
035 _a(Sirsi) u84234
041 _aeng
100 _aValente, J.
245 _aPile `em high
260 _c1998
350 _a0
490 _aEstates Gazette
_v(9806) 7 February 1998, 130-132(3)
520 _aConsiders the main reasons for the growth in the factory outlet market, which is set to double before the year 2000. Tables.
650 _aFACTORY OUTLETS
650 _aFACTORY VILLAGES
650 _aRETAIL SPACE
690 _aPROPERTY-COMMERCIAL PROPERTY-RETAIL PROPERTY
942 _n0
948 _c13/02/1998
999 _c52930
_d52930